000 00951nam a22002657a 4500
001 BR0101715
003 BR-BrBNA
005 20230928100818.0
007 ta
008 230509b bl.||||| |||| 00| 0 por d
040 _aBR-BrBNA
_bpor
_cBiblioteca Nacional de Agricultura
041 _a(Por)
072 _aP40; F01
090 _ P40 BR0101715
110 1 _aMinisterio da Agricultura e do Abastecimento, Brasilia, DF (Brasil). Coordenacao Nacional do Zoneamento Agricola
_96728
245 1 _aZoneamento agricola safra 2000/2001. Brasil. culturas: algodao, arroz, feijao, maca, milho, soja e trigo; unidades da federacao: RS, SC, e PR; MG, RJ e SP; DF, GO, MT e MS; TO, AL, BA, CE, MA, PB, PE, PI, RN, e SE
260 3 _aBrasilia, DF (Brasil):
_c2001.
300 _a509 p.
500 _aNumerical data
650 _aZoneamento Climatico
650 _aSafra
650 _aLegislacao
909 _a202309
_bLucia
_c55
_dLucia Elande
942 _cBK
999 _c62922
_d62922